[Event "Landesklasse West 2011/2012"]
[Site "?"]
[Date "2011.12.04"]
[Round "4"]
[White "Schenk, Stefan"]
[Black "Büchel, Bernd"]
[Result "1/2-1/2"]
[WhiteElo "1839"]
[BlackElo "1801"]
[PlyCount "92"]
[EventDate "2011.??.??"]
[WhiteTeam "Ilmenauer SV"]
[BlackTeam "TSG Ruhla"]

1. e4 d5 2. exd5 Nf6 3. d4 Nxd5 4. Nf3 Bg4 5. Be2 e6 6. c4 Nb6 7. Be3 Be7 8.
O-O O-O 9. Nc3 N8d7 10. c5 Nd5 11. Nxd5 exd5 12. b4 c6 13. a4 Nf6 14. Ne5 Bxe2
15. Qxe2 Nd7 16. Nf3 Re8 17. b5 Bf6 18. Qd3 g6 19. bxc6 bxc6 20. Qa6 Qc8 21.
Qxc8 Raxc8 22. Rab1 Nf8 23. Rb7 Re7 24. Rxe7 Bxe7 25. Rb1 Ne6 26. Rb7 Bf6 27.
Kf1 Rc7 28. Rb8+ Kg7 29. a5 h6 30. Ke2 g5 31. h3 Re7 32. Kd3 Kg6 33. Nd2 Bg7
34. g3 f5 35. f4 Bf6 36. Nf3 Kg7 37. Ne5 Bxe5 38. fxe5 Kf7 39. Bd2 f4 40. Be1
Kg6 41. Rg8+ Kf7 42. Rh8 Kg7 43. Rb8 h5 44. a6 Kg6 45. Rb7 Rf7 46. g4 h4
1/2-1/2

[Event "Landesklasse West 2011/2012"]
[Site "?"]
[Date "2011.12.04"]
[Round "4"]
[White "Hagen, Matthias"]
[Black "Dennler, Günter"]
[Result "1/2-1/2"]
[WhiteElo "1638"]
[BlackElo "1821"]
[PlyCount "105"]
[EventDate "2011.??.??"]
[WhiteTeam "TSG Ruhla"]
[BlackTeam "Ilmenauer SV"]

1. e4 g6 2. d4 Bg7 3. Nf3 d6 4. Be2 Nf6 5. Nc3 Bg4 6. O-O Nc6 7. h3 Bxf3 8.
Bxf3 e5 9. dxe5 dxe5 10. Nb5 a6 11. Qxd8+ Kxd8 12. Na3 Nd4 13. Rd1 Ke7 14. c3
Nxf3+ 15. gxf3 Rad8 16. Be3 Nh5 17. Nc4 h6 18. Na5 Rxd1+ 19. Rxd1 b6 20. Nc6+
Ke6 21. Nb4 a5 22. Nc6 Bf6 23. Rd5 g5 24. Nxe5 Bxe5 25. Rxe5+ Kxe5 26. Bd4+ Kf4
27. Bxh8 Kxf3 28. Be5 Nf4 29. Bxc7 Nxh3+ 30. Kf1 Nxf2 31. Bxb6 Nxe4 32. Bxa5
Nd2+ 33. Kg1 Nc4 34. b4 Ke4 35. Bd8 Kd5 36. a4 Kc6 37. a5 Kb5 38. Kf2 f5 39.
Kf3 Ne5+ 40. Kg2 Nc4 41. Kf3 Ka6 42. Bf6 Nd6 43. Bg7 h5 44. Bf6 Ne4 45. Bd4 h4
46. Be3 h3 47. Bg1 g4+ 48. Ke2 g3 49. Kf3 f4 50. c4 Nd2+ 51. Ke2 f3+ 52. Ke3
Nxc4+ 53. Kxf3 1/2-1/2

[Event "Landesklasse West 2011/2012"]
[Site "?"]
[Date "2011.12.04"]
[Round "4"]
[White "Strauß, Andre"]
[Black "Möller, Hans-Joachim"]
[Result "1/2-1/2"]
[WhiteElo "1632"]
[BlackElo "1752"]
[PlyCount "107"]
[EventDate "2011.??.??"]
[WhiteTeam "Ilmenauer SV"]
[BlackTeam "TSG Ruhla"]

1. c4 e6 2. g3 f5 3. Bg2 Nf6 4. Nc3 Be7 5. d4 d5 6. cxd5 exd5 7. Nh3 c6 8. O-O
O-O 9. Bf4 Ne4 10. f3 Nxc3 11. bxc3 Nd7 12. Nf2 Nf6 13. e4 fxe4 14. fxe4 dxe4
15. Nxe4 Be6 16. Rb1 Qd7 17. Nxf6+ Bxf6 18. Qc2 Bf5 19. Qb3+ Qf7 20. Rb2 Qxb3
21. Rxb3 Rf7 22. d5 Bd3 23. Re1 Bc4 24. dxc6 bxc6 25. Ra3 Rc8 26. Bd6 Bd5 27.
Bh3 Rd8 28. Bc5 Ra8 29. Rd1 g6 30. Rxd5 cxd5 31. Be6 Kg7 32. Bxd5 Rc8 33. Bxf7
Rxc5 34. Rxa7 Rxc3 35. Bb3+ Kh6 36. Kg2 Bd4 37. Rd7 Be5 38. Bg8 Rc7 39. Rxc7
Bxc7 40. Kf3 Kg7 41. Bd5 Kf6 42. Kg4 h5+ 43. Kh4 Bd8 44. Bb3 Ke5+ 45. Kh3 g5
46. Bd1 h4 47. Kg4 Ke4 48. a4 Kd4 49. Kf5 Kd5 50. g4 Kd6 51. Be2 Kc5 52. h3 Kc6
53. a5 Kc5 54. a6 1/2-1/2

[Event "Landesklasse West 2011/2012"]
[Site "?"]
[Date "2011.12.04"]
[Round "4"]
[White "Essegern, Kurt"]
[Black "Klingler, Lutz"]
[Result "1/2-1/2"]
[WhiteElo "1979"]
[BlackElo "1957"]
[PlyCount "37"]
[EventDate "2011.??.??"]
[WhiteTeam "Randspringer Bad Salzungen"]
[BlackTeam "SV Schmalkalden 04"]

1. e4 g6 2. d4 Bg7 3. Nc3 c6 4. Be3 d5 5. Qd2 dxe4 6. Nxe4 Nd7 7. O-O-O Ngf6 8.
f3 h6 9. h4 Nd5 10. h5 g5 11. c4 Nxe3 12. Qxe3 Nf6 13. Bd3 Nxe4 14. Bxe4 Qc7
15. Ne2 Bd7 16. Kb1 O-O-O 17. Qa3 Qb6 18. Qxe7 Be6 19. Qc5 1/2-1/2

[Event "Landesklasse West 2011/2012"]
[Site "?"]
[Date "2011.12.04"]
[Round "4"]
[White "Bamberg, Alexander"]
[Black "Hübschmann, Holger"]
[Result "1/2-1/2"]
[WhiteElo "1847"]
[BlackElo "1915"]
[PlyCount "56"]
[EventDate "2011.??.??"]
[WhiteTeam "SV Schmalkalden 04"]
[BlackTeam "Randspringer Bad Salzungen"]

1. Nf3 d5 2. g3 Nf6 3. Bg2 g6 4. O-O Bg7 5. d4 O-O 6. b3 Bf5 7. Bb2 c6 8. Nbd2
Nbd7 9. Nh4 Be6 10. Nhf3 Qc7 11. e3 Rac8 12. c4 Bg4 13. h3 Bxf3 14. Nxf3 Ne4
15. Qd3 e6 16. Rfc1 Rfe8 17. Rc2 f5 18. Rac1 Qd6 19. a3 Rcd8 20. b4 a6 21. Qb3
dxc4 22. Qxc4 Nb6 23. Qb3 Nd5 24. Ne5 Nef6 25. Nd3 Bh6 26. Nc5 Qb8 27. a4 Re7
28. Kh2 Nh5 1/2-1/2

[Event "Landesklasse West 2011/2012"]
[Site "?"]
[Date "2011.12.04"]
[Round "4"]
[White "Klein, Matthias"]
[Black "Essegern, Uwe"]
[Result "1/2-1/2"]
[WhiteElo "1788"]
[BlackElo "1876"]
[PlyCount "55"]
[EventDate "2011.??.??"]
[WhiteTeam "SV Schmalkalden 04"]
[BlackTeam "Randspringer Bad Salzungen"]

1. e4 c5 2. Nf3 Nc6 3. d3 g6 4. g3 Bg7 5. Bg2 d6 6. Nc3 Rb8 7. O-O b5 8. a3 a5
9. Re1 e6 10. e5 Nxe5 11. Nxe5 Bxe5 12. Be3 b4 13. axb4 axb4 14. Na4 Bg7 15. d4
c4 16. d5 Ne7 17. dxe6 fxe6 18. Bd4 e5 19. Ba7 Rb5 20. Qe2 Qc7 21. Be3 O-O 22.
c3 Bf5 23. cxb4 Bd3 24. Qd2 e4 25. Nc3 Rxb4 26. Bxe4 Bxe4 27. Nxe4 Rxb2 28.
Qxd6 1/2-1/2

[Event "Landesklasse West 2011/2012"]
[Site "?"]
[Date "2011.12.04"]
[Round "4"]
[White "Roth, Ralf"]
[Black "Krannich, Steffen"]
[Result "0-1"]
[WhiteElo "1843"]
[BlackElo "1748"]
[PlyCount "48"]
[EventDate "2011.??.??"]
[WhiteTeam "Randspringer Bad Salzungen"]
[BlackTeam "SV Schmalkalden 04"]

1. Nc3 d5 2. e4 dxe4 3. Nxe4 Nf6 4. Nxf6+ gxf6 5. g3 Nc6 6. Bg2 Qd6 7. c3 Bf5
8. d4 O-O-O 9. Ne2 h5 10. h4 Bg4 11. f3 Bf5 12. Kf2 e5 13. Be3 Bh6 14. Bxh6
Rxh6 15. dxe5 Qc5+ 16. Nd4 fxe5 17. Qc1 Nxd4 18. cxd4 Qxd4+ 19. Ke1 Rc6 20. Qg5
Bg6 21. Rc1 Rcd6 22. Rf1 Qxb2 23. Rf2 Qb4+ 24. Kf1 Rd1+ 0-1

[Event "Landesklasse West 2011/2012"]
[Site "?"]
[Date "2011.12.04"]
[Round "4"]
[White "Kunze, Heinz"]
[Black "Weigend, Joachim"]
[Result "1/2-1/2"]
[WhiteElo "1701"]
[BlackElo "1827"]
[PlyCount "30"]
[EventDate "2011.??.??"]
[WhiteTeam "Randspringer Bad Salzungen"]
[BlackTeam "SV Schmalkalden 04"]

1. e4 c5 2. Nf3 a6 3. c4 Nc6 4. d4 cxd4 5. Nxd4 Qc7 6. Nc3 e6 7. Be3 Bb4 8. Rc1
Nf6 9. Nxc6 dxc6 10. Bd3 e5 11. O-O O-O 12. f3 Be6 13. Qe2 Rad8 14. a3 Be7 15.
Na4 Nd7 1/2-1/2

[Event "Landesklasse West 2011/2012"]
[Site "?"]
[Date "2011.12.04"]
[Round "4"]
[White "Himmel, Matthias"]
[Black "Mäurer, Michael"]
[Result "1-0"]
[WhiteElo "1564"]
[BlackElo "1643"]
[PlyCount "45"]
[EventDate "2011.??.??"]
[WhiteTeam "SV Schmalkalden 04"]
[BlackTeam "Randspringer Bad Salzungen"]

1. d4 d5 2. e3 c6 3. Bd3 e6 4. f4 g6 5. Nf3 Bg7 6. Nbd2 b6 7. c3 f5 8. b3 Nf6
9. Ba3 Bf8 10. Bxf8 Kxf8 11. Ne5 Qc7 12. Rc1 Ba6 13. Bxa6 Nxa6 14. Qe2 Nb8 15.
c4 Qb7 16. O-O Nbd7 17. cxd5 cxd5 18. Qb5 Kg7 19. Qb4 Nxe5 20. fxe5 Ne4 21.
Nxe4 dxe4 22. Qd6 Qd5 23. Qe7+ 1-0

[Event "Landesklasse West 2011/2012"]
[Site "?"]
[Date "2011.12.04"]
[Round "4"]
[White "Dawydow, Alexej"]
[Black "Minor, Viatcheslav"]
[Result "0-1"]
[WhiteElo "1940"]
[BlackElo "1991"]
[PlyCount "63"]
[EventDate "2011.??.??"]
[WhiteTeam "SV Ammern"]
[BlackTeam "SV Wartburgstadt Eisenach"]

1. e4 e6 2. d4 d5 3. Nc3 Bb4 4. e5 Ne7 5. a3 Bxc3+ 6. bxc3 c5 7. Qg4 Qa5 8. Bd2
O-O 9. Nf3 c4 10. h4 Nbc6 11. h5 f5 12. Qg3 Kh8 13. Nh4 f4 14. Qg4 Kg8 15. Rh3
Nf5 16. Nxf5 Rxf5 17. Rf3 Bd7 18. Rxf4 Rxf4 19. Qxf4 Rf8 20. Qg3 Qa4 21. Kd1 b5
22. Qe3 a5 23. Bc1 b4 24. Bb2 b3 25. cxb3 Qxb3+ 26. Kc1 Rb8 27. Rb1 Na7 28. Be2
Ba4 29. Qd2 Nb5 30. Bd1 Qxd1+ 31. Qxd1 Bxd1 32. Kxd1 0-1

[Event "Landesklasse West 2011/2012"]
[Site "?"]
[Date "2011.12.04"]
[Round "4"]
[White "Hanel, Paul"]
[Black "Kampfhenkel, Ulrich"]
[Result "1/2-1/2"]
[WhiteElo "1858"]
[BlackElo "2001"]
[PlyCount "48"]
[EventDate "2011.??.??"]
[WhiteTeam "SV Wartburgstadt Eisenach"]
[BlackTeam "SV Ammern"]

1. d4 d5 2. c4 Nc6 3. Nc3 e5 4. cxd5 Nxd4 5. e3 Nf5 6. e4 Nd4 7. Nf3 Bg4 8. Be2
Bxf3 9. Bxf3 Nf6 10. O-O Be7 11. Be3 Nxf3+ 12. Qxf3 O-O 13. Qg3 Re8 14. Rac1
Qd7 15. f3 a6 16. Qf2 Rac8 17. Rfd1 Bd6 18. Rc2 c5 19. dxc6 Qxc6 20. Rcd2 Bb4
21. Rd3 Bxc3 22. Rxc3 Qe6 23. Rxc8 Rxc8 24. b3 h6 1/2-1/2

[Event "Landesklasse West 2011/2012"]
[Site "?"]
[Date "2011.12.04"]
[Round "4"]
[White "Wegerich, Michael"]
[Black "Schwarz, Hilmar"]
[Result "1-0"]
[WhiteElo "2015"]
[BlackElo "1809"]
[PlyCount "55"]
[EventDate "2011.??.??"]
[WhiteTeam "SV Ammern"]
[BlackTeam "SV Wartburgstadt Eisenach"]

1. e4 e5 2. Nf3 Nc6 3. d4 exd4 4. Nxd4 Bc5 5. Be3 Qf6 6. c3 Nge7 7. Bc4 Ne5 8.
Be2 d5 9. Nd2 Qg6 10. g3 O-O 11. O-O Ng4 12. Bxg4 Bxg4 13. f3 Bh3 14. Re1 Bd6
15. Bf2 dxe4 16. Nxe4 Be5 17. Nc5 Bf6 18. Nd3 Bc8 19. Nf4 Qh6 20. Nb5 b6 21.
Nxc7 Rb8 22. Qd6 Bb7 23. Rxe7 Bxe7 24. Qxe7 Bxf3 25. Re1 Bb7 26. Nfd5 Qc6 27.
Qe5 Rbd8 28. Ne7+ 1-0

[Event "Landesklasse West 2011/2012"]
[Site "?"]
[Date "2011.12.04"]
[Round "4"]
[White "Neef, Michael"]
[Black "Kurze, Christoph"]
[Result "1/2-1/2"]
[WhiteElo "1879"]
[BlackElo "1890"]
[PlyCount "72"]
[EventDate "2011.??.??"]
[WhiteTeam "SV Wartburgstadt Eisenach"]
[BlackTeam "SV Ammern"]

1. d4 Nf6 2. c4 e6 3. Nc3 Bb4 4. Qc2 c5 5. e3 Nc6 6. Nf3 d6 7. a3 Bxc3+ 8. Qxc3
Ne4 9. Qc2 f5 10. Bd3 Nf6 11. dxc5 dxc5 12. e4 fxe4 13. Bxe4 Nxe4 14. Qxe4 O-O
15. Be3 Qe7 16. O-O Rf5 17. Rad1 e5 18. Rd5 b6 19. Nxe5 Nxe5 20. Rxe5 Rxe5 21.
Qxa8 Qb7 22. Qxb7 Bxb7 23. Rd1 Kf7 24. Rd7+ Re7 25. Rxe7+ Kxe7 26. Kf1 Kd6 27.
Bf4+ Kc6 28. Be5 g6 29. Ke2 a6 30. f4 Kd7 31. g4 Ke6 32. Bc7 b5 33. cxb5 axb5
34. Bb6 c4 35. Ke3 h5 36. gxh5 gxh5 1/2-1/2

[Event "Landesklasse West 2011/2012"]
[Site "?"]
[Date "2011.12.04"]
[Round "4"]
[White "Schorch, Rüdiger"]
[Black "Königsdörfer, Gerhard"]
[Result "1/2-1/2"]
[WhiteElo "1915"]
[BlackElo "1864"]
[PlyCount "50"]
[EventDate "2011.??.??"]
[WhiteTeam "SV Ammern"]
[BlackTeam "SV Wartburgstadt Eisenach"]

1. c4 e5 2. Nc3 Nc6 3. Nf3 Nf6 4. g3 Nd4 5. Bg2 d6 6. O-O g6 7. e3 Nxf3+ 8.
Bxf3 Bg7 9. d3 O-O 10. Rb1 c6 11. d4 Qe7 12. d5 c5 13. b4 Bh3 14. Re1 Nd7 15.
a3 f5 16. e4 f4 17. Bg4 Bxg4 18. Qxg4 cxb4 19. Rxb4 Nc5 20. Qe2 Bh6 21. f3 Qg7
22. g4 Bg5 23. Bd2 Rfc8 24. Rc1 Bd8 25. Rb5 a6 1/2-1/2

[Event "Landesklasse West 2011/2012"]
[Site "?"]
[Date "2011.12.04"]
[Round "4"]
[White "Heyl, Peter"]
[Black "Feigel, Andreas"]
[Result "1-0"]
[WhiteElo "1676"]
[BlackElo "1779"]
[PlyCount "49"]
[EventDate "2011.??.??"]
[WhiteTeam "SV Wartburgstadt Eisenach"]
[BlackTeam "SV Ammern"]

1. d4 d5 2. c4 Bf5 3. Nc3 e6 4. cxd5 exd5 5. Qb3 Nc6 6. Be3 Bb4 7. a3 Bxc3+ 8.
bxc3 Na5 9. Qb4 c6 10. Bf4 Qb6 11. e3 Nb3 12. Ra2 Na5 13. Nf3 Nf6 14. Bg5 Qd8
15. Be2 b6 16. O-O Bg4 17. Ne5 Bxe2 18. Rxe2 Rc8 19. e4 dxe4 20. Rxe4 Qd5 21.
Bxf6 gxf6 22. Rfe1 Kd8 23. Nxf7+ Qxf7 24. Qd6+ Qd7 25. Qxf6+ 1-0

[Event "Landesklasse West 2011/2012"]
[Site "?"]
[Date "2011.12.04"]
[Round "4"]
[White "Graupner, Markus"]
[Black "Dawydow, Julius"]
[Result "1/2-1/2"]
[WhiteElo "1643"]
[BlackElo "1344"]
[PlyCount "32"]
[EventDate "2011.??.??"]
[WhiteTeam "SV Wartburgstadt Eisenach"]
[BlackTeam "SV Ammern"]

1. Nf3 e6 2. c4 f5 3. d3 c6 4. g3 d5 5. b3 Bd6 6. Bb2 Nf6 7. Bg2 O-O 8. O-O
Nbd7 9. Nbd2 f4 10. e4 fxe3 11. fxe3 Nc5 12. Qe2 Qe7 13. Rae1 e5 14. d4 e4 15.
Ne5 Bxe5 16. dxe5 Nfd7 1/2-1/2

[Event "Landesklasse West 2011/2012"]
[Site "?"]
[Date "2011.12.04"]
[Round "4"]
[White "Geißhirt, Marco"]
[Black "Kachel, Alfred"]
[Result "1/2-1/2"]
[WhiteElo "1839"]
[BlackElo "1965"]
[PlyCount "39"]
[EventDate "2011.??.??"]
[WhiteTeam "SG Barchfeld/Breitungen"]
[BlackTeam "Schachclub Rochade Leinefelde"]

1. Nf3 d5 2. g3 e6 3. Bg2 f5 4. O-O Nf6 5. c4 c6 6. Qc2 Bd6 7. a3 O-O 8. b4 Qe8
9. d4 Ne4 10. Ne5 Nd7 11. Bb2 Qh5 12. f3 Ng5 13. f4 Ne4 14. Bxe4 fxe4 15. c5
Be7 16. Nxd7 Bxd7 17. e3 g5 18. Nc3 gxf4 19. exf4 Be8 20. Bc1 1/2-1/2

[Event "Landesklasse West 2011/2012"]
[Site "?"]
[Date "2011.12.04"]
[Round "4"]
[White "Pfitzenreuter, Gerald"]
[Black "Kaiser, Andre"]
[Result "0-1"]
[WhiteElo "1939"]
[BlackElo "1814"]
[PlyCount "82"]
[EventDate "2011.??.??"]
[WhiteTeam "Schachclub Rochade Leinefelde"]
[BlackTeam "SG Barchfeld/Breitungen"]

1. d4 Nf6 2. c4 e6 3. Nf3 c5 4. d5 exd5 5. cxd5 d6 6. Nc3 g6 7. e4 a6 8. a4 Bg4
9. Be2 Bxf3 10. Bxf3 Bg7 11. O-O O-O 12. Bf4 Qe7 13. Qc2 Nbd7 14. Rae1 Rfe8 15.
Bg3 Ne5 16. Be2 Nh5 17. Bxh5 gxh5 18. h3 c4 19. Bxe5 Qxe5 20. Qe2 Rac8 21. Kh1
Qg5 22. Qe3 Qxe3 23. Rxe3 Rc5 24. Rfe1 b5 25. axb5 axb5 26. R3e2 Ra8 27. f4 b4
28. Nd1 Ra1 29. Kg1 Rc1 30. Kf1 c3 31. bxc3 bxc3 32. Ne3 Rxe1+ 33. Kxe1 Bh6 34.
Rf2 Ra5 35. Ke2 Ra2+ 36. Kf3 Rxf2+ 37. Kxf2 Bxf4 38. Ke2 Kg7 39. Kd3 Bxe3 40.
Kxe3 Kf6 41. Kd3 Ke5 0-1

[Event "Landesklasse West 2011/2012"]
[Site "?"]
[Date "2011.12.04"]
[Round "4"]
[White "Rommel, Uwe"]
[Black "Ziegenfuß, Holger"]
[Result "0-1"]
[WhiteElo "1861"]
[BlackElo "1941"]
[PlyCount "88"]
[EventDate "2011.??.??"]
[WhiteTeam "SG Barchfeld/Breitungen"]
[BlackTeam "Schachclub Rochade Leinefelde"]

1. e4 c5 2. b3 Nc6 3. Bb2 d6 4. g3 Nf6 5. Bg2 g6 6. Ne2 Bg7 7. O-O O-O 8. d4
cxd4 9. Nxd4 Qb6 10. Nxc6 bxc6 11. Nc3 Qc7 12. Na4 Rd8 13. c4 Bb7 14. Qc2 Ne8
15. Bxg7 Nxg7 16. f4 Ne6 17. f5 Nd4 18. Qf2 c5 19. fxg6 fxg6 20. Qf7+ Kh8 21.
Nc3 Qd7 22. h4 Rg8 23. Kh2 Rg7 24. Qf2 g5 25. Bh3 g4 26. Bg2 Rag8 27. Rad1 Bc8
28. Rxd4 cxd4 29. Qxd4 e5 30. Qd2 Bb7 31. Nb5 Rd8 32. Rd1 Rg6 33. Nxa7 Ba6 34.
Nb5 Bxb5 35. cxb5 Qxb5 36. Bf1 Qb6 37. Bc4 Rf6 38. Rf1 Rxf1 39. Bxf1 Rf8 40.
Kg2 Ra8 41. Bc4 Qd4 42. Qe2 Rf8 43. a4 Rf3 44. Bd5 Qc3 0-1

[Event "Landesklasse West 2011/2012"]
[Site "?"]
[Date "2011.12.04"]
[Round "4"]
[White "Frank, Thomas"]
[Black "Reum, Lutz"]
[Result "1-0"]
[WhiteElo "1891"]
[BlackElo "1859"]
[PlyCount "71"]
[EventDate "2011.??.??"]
[WhiteTeam "Schachclub Rochade Leinefelde"]
[BlackTeam "SG Barchfeld/Breitungen"]

1. d4 Nf6 2. c4 e6 3. Nc3 Bb4 4. f3 d5 5. a3 Bxc3+ 6. bxc3 O-O 7. e3 Re8 8. Bd3
e5 9. Ne2 c5 10. cxd5 cxd4 11. e4 dxc3 12. Be3 b6 13. Nxc3 Ba6 14. O-O Bxd3 15.
Qxd3 Nbd7 16. Na4 Qe7 17. Rfc1 Rec8 18. Rc6 Rxc6 19. dxc6 Nf8 20. Qa6 Qc7 21.
Rc1 Rc8 22. Nxb6 axb6 23. Bxb6 Qb8 24. c7 Rxc7 25. Bxc7 Qb2 26. Qc4 Qxa3 27.
Bxe5 Qe3+ 28. Kh1 N6d7 29. Bd4 Qg5 30. Qc3 h6 31. Qc8 Kh7 32. Rd1 Qb5 33. Qc3
Ne6 34. h3 Qe2 35. Qd2 Qb5 36. Bxg7 1-0

[Event "Landesklasse West 2011/2012"]
[Site "?"]
[Date "2011.12.04"]
[Round "4"]
[White "Crivellaro, Heiko"]
[Black "Dittrich, Frank"]
[Result "1-0"]
[WhiteElo "1775"]
[BlackElo "1784"]
[PlyCount "83"]
[EventDate "2011.??.??"]
[WhiteTeam "SG Barchfeld/Breitungen"]
[BlackTeam "Schachclub Rochade Leinefelde"]

1. f4 Nf6 2. Nf3 d5 3. e3 g6 4. Be2 Bg7 5. O-O O-O 6. Qe1 c5 7. d3 Nc6 8. c3
Qb6 9. Kh1 Bf5 10. Nbd2 Rad8 11. Nh4 Bc8 12. e4 e5 13. f5 g5 14. Nhf3 h6 15.
Ng1 dxe4 16. dxe4 Qc7 17. Qg3 Qe7 18. Nh3 Nd7 19. Nf2 a6 20. a4 Kh7 21. Nf3 f6
22. Nd2 Rh8 23. Re1 b6 24. Nf1 Bb7 25. Ne3 Ncb8 26. Kg1 Bc6 27. Rd1 Rhe8 28.
Nd5 Bxd5 29. exd5 e4 30. c4 Qe5 31. Qh3 Rh8 32. Rb1 a5 33. b3 Na6 34. Bb2 Qe7
35. Re1 Nb4 36. Bf1 Ne5 37. Rxe4 Qd6 38. Bxe5 fxe5 39. Rb2 Bf6 40. Ng4 Kg7 41.
Qh5 Be7 42. Rxe5 1-0

[Event "Landesklasse West 2011/2012"]
[Site "?"]
[Date "2011.12.04"]
[Round "4"]
[White "Seeboth, Paul"]
[Black "Abe, Rico"]
[Result "1-0"]
[WhiteElo "1780"]
[BlackElo "1723"]
[PlyCount "73"]
[EventDate "2011.??.??"]
[WhiteTeam "Schachclub Rochade Leinefelde"]
[BlackTeam "SG Barchfeld/Breitungen"]

1. d4 Nf6 2. c4 e6 3. Nc3 Bb4 4. Qc2 d5 5. Bg5 Bxc3+ 6. bxc3 c6 7. e3 Nbd7 8.
Nf3 h6 9. Bh4 O-O 10. Bd3 Re8 11. O-O Qc7 12. cxd5 cxd5 13. Bb5 Ne4 14. c4 a6
15. Bxd7 Bxd7 16. Ne5 f6 17. Nxd7 Qxd7 18. c5 g5 19. Bg3 Nxg3 20. Qg6+ Qg7 21.
Qxg7+ Kxg7 22. hxg3 Rac8 23. Rab1 Rc7 24. Rb6 Ree7 25. Rc1 Kf7 26. Kf1 Re8 27.
Ke2 Rb8 28. Rcb1 Rbc8 29. Rxb7 e5 30. R1b6 exd4 31. exd4 Re8+ 32. Kd3 Rxb7 33.
Rxb7+ Kg6 34. Rd7 Rb8 35. Rxd5 Rb2 36. c6 Rxa2 37. c7 1-0

[Event "Landesklasse West 2011/2012"]
[Site "?"]
[Date "2011.12.04"]
[Round "4"]
[White "Kleinsteuber, Erik"]
[Black "Müller, Sebastian"]
[Result "0-1"]
[WhiteElo "1596"]
[BlackElo "1786"]
[PlyCount "76"]
[EventDate "2011.??.??"]
[WhiteTeam "SG Barchfeld/Breitungen"]
[BlackTeam "Schachclub Rochade Leinefelde"]

1. e4 c5 2. c3 d5 3. exd5 Qxd5 4. d4 Nc6 5. Nf3 cxd4 6. cxd4 e5 7. Nc3 Bb4 8.
a3 Bxc3+ 9. bxc3 e4 10. Nd2 Nf6 11. Qe2 O-O 12. h3 Re8 13. Qe3 Bf5 14. Bb2 Qd8
15. c4 Bg6 16. d5 Ne5 17. Bxe5 Rxe5 18. Rb1 b6 19. Be2 Nd7 20. O-O Nc5 21. Nb3
Nxb3 22. Rxb3 Qd6 23. Rb5 Rc8 24. Rfb1 Re7 25. a4 f5 26. R1b3 f4 27. Qd4 Be8
28. R5b4 Qg6 29. Bg4 Bd7 30. Bxd7 Rxd7 31. Qe5 f3 32. g3 Re8 33. Qd4 Rf7 34. a5
Qh6 35. Kh2 e3 36. Rb1 exf2 37. Rf1 Re1 38. Qxf2 Re2 0-1

[Event "Landesklasse West 2011/2012"]
[Site "?"]
[Date "2011.12.04"]
[Round "4"]
[White "Petiko, Jakob"]
[Black "Heß, Wolfgang"]
[Result "1-0"]
[WhiteElo "1929"]
[BlackElo "1738"]
[PlyCount "63"]
[EventDate "2011.??.??"]
[WhiteTeam "Schachclub Rochade Leinefelde"]
[BlackTeam "SG Barchfeld/Breitungen"]

1. e4 e6 2. d3 d5 3. Nd2 Nf6 4. Ngf3 Bb4 5. c3 Be7 6. Be2 O-O 7. O-O c5 8. Qc2
Nc6 9. Re1 h6 10. a3 a5 11. b3 Re8 12. Bb2 Qc7 13. d4 cxd4 14. cxd4 dxe4 15.
Nxe4 Nxe4 16. Qxe4 Bd7 17. Bc4 Bf6 18. Rac1 Qd8 19. Ne5 Nxe5 20. dxe5 Bc6 21.
Qg4 Be7 22. Rcd1 Qb6 23. Rd3 Rad8 24. Rg3 g6 25. Bxe6 Bg5 26. Bc4 Rd2 27. Rf1
Rxb2 28. h4 Rxe5 29. hxg5 hxg5 30. Rh3 Bb5 31. Qg3 Re8 32. Qc3 1-0

[Event "Landesklasse West 2011/2012"]
[Site "?"]
[Date "2011.01.08"]
[Round "5"]
[White "Kachel, Alfred"]
[Black "Schulz, Tilo"]
[Result "1-0"]
[WhiteElo "1965"]
[BlackElo "1870"]
[PlyCount "39"]
[EventDate "2011.??.??"]
[WhiteTeam "Schachclub Rochade Leinefelde"]
[BlackTeam "Randspringer Bad Salzungen"]

1. d4 Nf6 2. Nf3 g6 3. c4 Bg7 4. g3 O-O 5. Bg2 d6 6. Nc3 Nbd7 7. O-O e5 8. e4
c6 9. h3 Qb6 10. d5 cxd5 11. cxd5 Nc5 12. Nd2 Bd7 13. Nb3 Na4 14. Nxa4 Bxa4 15.
Be3 Qa6 16. Qd2 Rfc8 17. Rfc1 b6 18. Qb4 Ne8 19. Bf1 b5 20. Na5 1-0

[Event "Landesklasse West 2011/2012"]
[Site "?"]
[Date "2011.01.08"]
[Round "5"]
[White "Essegern, Uwe"]
[Black "Pfitzenreuter, Gerald"]
[Result "0-1"]
[WhiteElo "1876"]
[BlackElo "1939"]
[PlyCount "118"]
[EventDate "2011.??.??"]
[WhiteTeam "Randspringer Bad Salzungen"]
[BlackTeam "Schachclub Rochade Leinefelde"]

1. e4 c5 2. Nc3 Nc6 3. g3 g6 4. Bg2 Bg7 5. d3 e6 6. Be3 d6 7. Qd2 Rb8 8. Rb1 b5
9. a3 Nd4 10. Nce2 Qb6 11. c3 Nxe2 12. Nxe2 Ne7 13. Bh6 O-O 14. h4 f6 15. Be3
Qc7 16. O-O e5 17. d4 c4 18. Rbd1 a5 19. dxe5 dxe5 20. Qd6 Qxd6 21. Rxd6 Kf7
22. f4 f5 23. Bc5 Re8 24. exf5 Nxf5 25. Bd5+ Be6 26. Rxe6 Rxe6 27. fxe5 Rd8 28.
Bxe6+ Kxe6 29. g4 Nxh4 30. Nf4+ Kxe5 31. Bd4+ Rxd4 32. cxd4+ Ke4 33. Ne6 Bxd4+
34. Nxd4 Kxd4 35. Kf2 Kd3 36. Kg3 g5 37. Rf2 b4 38. axb4 axb4 39. Rf7 Kc2 40.
Rc7 Kb3 41. Kf2 Ng6 42. Ke3 Ne5 43. Kd4 Kxb2 44. Kxe5 c3 45. Kf5 c2 46. Kxg5
c1=Q+ 47. Rxc1 Kxc1 48. Kh6 b3 49. Kxh7 b2 50. g5 b1=Q+ 51. g6 Qf5 52. Kh6 Qh3+
53. Kg7 Kd2 54. Kg8 Qe6+ 55. Kh8 Ke3 56. g7 Qh6+ 57. Kg8 Ke4 58. Kf7 Qh7 59.
Kf8 Qf5+ 0-1

[Event "Landesklasse West 2011/2012"]
[Site "?"]
[Date "2011.01.08"]
[Round "5"]
[White "Ziegenfuß, Holger"]
[Black "Roth, Ralf"]
[Result "0-1"]
[WhiteElo "1941"]
[BlackElo "1843"]
[PlyCount "72"]
[EventDate "2011.??.??"]
[WhiteTeam "Schachclub Rochade Leinefelde"]
[BlackTeam "Randspringer Bad Salzungen"]

1. e4 d6 2. d4 Nf6 3. Bd3 g6 4. f4 Bg7 5. Nf3 O-O 6. h3 c5 7. Nc3 Qa5 8. Bd2
cxd4 9. b4 Qb6 10. Ne2 e5 11. O-O d5 12. fxe5 Nxe4 13. Bf4 Nc3 14. Qe1 Nxe2+
15. Qxe2 Qxb4 16. Qf2 Nc6 17. Qh4 Qe7 18. Bg5 Qc7 19. Bf6 h6 20. Rae1 Nb4 21.
Bxg7 Kxg7 22. Qf6+ Kg8 23. Nh4 Qd8 24. Qf4 g5 25. Qg3 Nxd3 26. cxd3 Kh7 27. Rf6
Be6 28. Nf5 Bxf5 29. Rxf5 Qe7 30. Rf6 Rac8 31. Qf3 Rc6 32. e6 Rd6 33. Qf5+ Kg7
34. Rf1 Rxe6 35. Qxd5 Rxf6 36. Qxd4 Kg6 0-1

[Event "Landesklasse West 2011/2012"]
[Site "?"]
[Date "2011.01.08"]
[Round "5"]
[White "Feldmann, Bernd"]
[Black "Frank, Thomas"]
[Result "1/2-1/2"]
[WhiteElo "1829"]
[BlackElo "1891"]
[PlyCount "83"]
[EventDate "2011.??.??"]
[WhiteTeam "Randspringer Bad Salzungen"]
[BlackTeam "Schachclub Rochade Leinefelde"]

1. d4 Nf6 2. c4 g6 3. Nc3 Bg7 4. e4 d6 5. f4 O-O 6. Nf3 c5 7. d5 e6 8. Be2 exd5
9. cxd5 a6 10. a4 Nbd7 11. O-O Qc7 12. h3 Rb8 13. g4 h6 14. e5 dxe5 15. d6 Qd8
16. fxe5 Nh7 17. Bf4 b6 18. Bc4 Bb7 19. Qd3 Kh8 20. Rae1 Bxf3 21. Qxf3 Ng5 22.
Qg3 Ne6 23. Nd5 b5 24. axb5 axb5 25. Ba2 c4 26. Bb1 Ra8 27. Nc7 Nxc7 28. dxc7
Qxc7 29. e6 Qb6+ 30. Be3 Qxe6 31. Bxh6 Qb6+ 32. Be3 Bd4 33. Kh1 Kg7 34. Bc1
Rae8 35. Qf4 Rxe1 36. Rxe1 Qf6 37. Rd1 Be5 38. Qh6+ Kg8 39. Be4 Nc5 40. Bd5 Nd3
41. Bg5 Qf2 42. Qxg6+ 1/2-1/2